000 00234nam a22000857a 4500
008 160716b xxu||||| |||| 00| 0 eng d
100 _92934
_aYoung Learner's
245 _aJack and the Beanstalk
260 _aNew Delhi
_bY.C.P Publication
_c2011
999 _c2499
_d2499